Statistics for K. - Cigarettes After Sex

Click here to take the quiz!

General Stats

  • This quiz has been taken 242 times
  • The average score is 158 of 188

Answer Stats

Answer% Correct
I
98%
you
96%
a
94%
for
94%
me
94%
when
94%
be
93%
waiting
93%
back
92%
the
92%
come
90%
like
90%
no
90%
to
90%
we
90%
been
89%
I’ve
89%
love
89%
that
89%
with
89%
in
88%
were
88%
first
87%
remember
87%
at
86%
right
86%
sitting
86%
check
85%
down
85%
Kristen
85%
liked
85%
restaurant
85%
had
84%
then
84%
day
83%
made
83%
bed
82%
candle
82%
earlier
82%
noticed
82%
and
81%
attached
80%
light
80%
on
80%
but
79%
strings
79%
just
78%
looked
78%
something
78%
best
77%
changed
77%
else
77%
one
77%
you’re
77%
could
76%
tell
76%
think
76%
how
75%
slip
75%
don’t
72%
my
72%
stay
72%
black
71%
from
71%
it
71%
want
71%
head
70%
I’m
70%
knew
70%
leave
70%
as
69%
it’s
69%
now
69%
of
69%
toe
69%
dressed
67%
would
67%
asleep
66%
fall
66%
good
66%
room
66%
until
66%
holding
65%
lying
65%
taking
65%
dancing
64%
flowers
64%
kissing
64%
pictures
64%
wall
64%
Side
62%
East
61%
Lower
61%

Score Distribution

Percentile by Number Answered

Percent of People with Each Score

Your Score History

You have not taken this quiz